[Event "Liga Madrileña - DH 2014-2015"]
[Site "Madrid ESP"]
[Date "2014.12.14"]
[Round "3.45"]
[White "Madina Yadarola, Martin"]
[Black "Plazuelo Pascual, Juan"]
[Result "1/2-1/2"]
[WhiteElo "2281"]
[BlackElo "2122"]
[PlyCount "113"]
[EventDate "2014.11.23"]
[EventType "team-tourn"]
[EventRounds "14"]
[EventCountry "ESP"]
[Source "lmi"]
[SourceDate "2014.11.23"]
[WhiteTeam "La Casa del Ajedrez"]
[BlackTeam "Virgen de Atocha"]
[WhiteTeamCountry "ESP"]
[BlackTeamCountry "ESP"]

1. Nf3 d5 2. b4 Bg4 3. Bb2 Nd7 4. h3 Bh5 5. g4 Bg6 6. h4 f6 7. h5 Bf7 8. e3 e5
9. a3 Bd6 10. Nc3 c6 11. Nh4 g6 12. Bg2 Ne7 13. Qe2 Qc7 14. hxg6 hxg6 15. O-O-O
O-O-O 16. g5 f5 17. Nf3 e4 18. Nd4 Be5 19. Nb3 Rde8 20. f4 exf3 21. Qxf3 Qd8
22. Ne2 Bxb2+ 23. Kxb2 Rxh1 24. Rxh1 Rh8 25. Ned4 Rxh1 26. Bxh1 Qh8 27. Bg2 Qh4
28. Qf4 Qxf4 29. exf4 Kc7 30. Nf3 Kd6 31. Bf1 b6 32. d4 Be8 33. Kc3 Ke6 34. Kd2
Nc8 35. Ne5 Nb8 36. Bd3 Nd6 37. Nc1 Nb7 38. Ne2 a5 39. c3 axb4 40. axb4 b5 41.
Ng3 Kd6 42. Nf3 Nd7 43. Ke3 Nf8 44. Nd2 Kc7 45. Nb3 Nd7 46. Nc5 Nbxc5 47. bxc5
Nxc5 48. dxc5 Kd7 49. Be2 Bf7 50. Kd2 Be6 51. Kc2 Kc7 52. Bd3 Kb7 53. Kb3 Bc8
54. Kb4 Bd7 55. Bc2 Be6 56. Bd3 Bd7 57. Bc2 1/2-1/2

[Event "Liga Madrileña - DH 2014-2015"]
[Site "Madrid ESP"]
[Date "2014.12.14"]
[Round "3.46"]
[White "Perez de Aranda, Leonardo Ivan"]
[Black "Unciti Juan, Javier"]
[Result "0-1"]
[WhiteElo "2094"]
[BlackElo "2110"]
[PlyCount "104"]
[EventDate "2014.11.23"]
[EventType "team-tourn"]
[EventRounds "14"]
[EventCountry "ESP"]
[Source "lmi"]
[SourceDate "2014.11.23"]
[WhiteTeam "Virgen de Atocha"]
[BlackTeam "La Casa del Ajedrez"]
[WhiteTeamCountry "ESP"]
[BlackTeamCountry "ESP"]

1. e4 e6 2. d4 d5 3. Nd2 c5 4. exd5 exd5 5. Ngf3 a6 6. Be2 Nc6 7. O-O c4 8. b3
b5 9. Re1 Be7 10. a4 Be6 11. Bb2 Rb8 12. axb5 axb5 13. Ne5 Nxe5 14. dxe5 Nh6
15. Nf3 O-O 16. Nd4 Qb6 17. Nxe6 fxe6 18. Bd4 Bc5 19. Bxc5 Qxc5 20. Bf3 Nf5 21.
Rf1 Nd4 22. Bg4 Rf4 23. c3 Nxb3 24. Bxe6+ Kh8 25. g3 Rff8 26. Ra2 d4 27. Qh5
Rb6 28. cxd4 Nxd4 29. Bg4 c3 30. Qg5 Rg6 31. Qh5 c2 32. Rc1 b4 33. e6 Qxh5 34.
Bxh5 Rxe6 35. Raxc2 Nxc2 36. Rxc2 g6 37. Bg4 Rd6 38. Rb2 Rb8 39. f4 Kg7 40. Kf2
Kf6 41. Be2 Rd4 42. Ke3 Rbd8 43. Rb3 Ke6 44. Bf3 Rc4 45. Bg4+ Ke7 46. Rb2 Rd6
47. h4 Rd8 48. h5 Kf7 49. hxg6+ hxg6 50. Be2 Rc3+ 51. Kf2 b3 52. f5 Rd6 0-1

[Event "Liga Madrileña - DH 2014-2015"]
[Site "Madrid ESP"]
[Date "2014.12.14"]
[Round "3.21"]
[White "Solaesa Navalpotro, Luis Julio"]
[Black "Valles Moreno, Ivan"]
[Result "0-1"]
[WhiteElo "2251"]
[BlackElo "2391"]
[PlyCount "56"]
[EventDate "2014.11.23"]
[EventType "team-tourn"]
[EventRounds "14"]
[EventCountry "ESP"]
[Source "lmi"]
[SourceDate "2014.11.23"]
[WhiteTeam "Moratalaz"]
[BlackTeam "Liberty Chess"]
[WhiteTeamCountry "ESP"]
[BlackTeamCountry "ESP"]

1. d4 g6 2. c4 Bg7 3. Nf3 d6 4. g3 Nf6 5. Bg2 O-O 6. Nc3 c6 7. O-O Qa5 8. e4 e5
9. dxe5 dxe5 10. a3 Be6 11. Qe2 Qa6 12. b3 Nbd7 13. Rd1 Nc5 14. Qc2 Bg4 15. h3
Bxf3 16. Bxf3 Ne6 17. Ne2 c5 18. Bb2 Nd4 19. Nxd4 cxd4 20. c5 Rac8 21. Rac1 Qe6
22. Kg2 Bh6 23. Rb1 b6 24. b4 bxc5 25. bxc5 Nd7 26. Bc1 Bxc1 27. Rdxc1 Nxc5 28.
Qd2 Nb3 0-1

[Event "Liga Madrileña - DH 2014-2015"]
[Site "Madrid ESP"]
[Date "2014.12.14"]
[Round "3.22"]
[White "Martin Rueda, Daniel"]
[Black "Fraga Castro, Jose Carlos"]
[Result "1-0"]
[WhiteElo "2341"]
[BlackElo "2174"]
[PlyCount "97"]
[EventDate "2014.11.23"]
[EventType "team-tourn"]
[EventRounds "14"]
[EventCountry "ESP"]
[Source "lmi"]
[SourceDate "2014.11.23"]
[WhiteTeam "Liberty Chess"]
[BlackTeam "Moratalaz"]
[WhiteTeamCountry "ESP"]
[BlackTeamCountry "ESP"]

1. d4 b6 2. e4 Bb7 3. Bd3 Nf6 4. Qe2 e6 5. Nf3 d6 6. O-O Be7 7. c4 O-O 8. Nc3
Nbd7 9. Bc2 c5 10. d5 e5 11. g3 Ne8 12. Ne1 Bf6 13. f4 a6 14. Nf3 g6 15. f5 Bg7
16. Bg5 f6 17. Bd2 Rf7 18. h4 Nc7 19. fxg6 hxg6 20. h5 g5 21. Nh2 b5 22. b3 Nb6
23. Nd1 Nc8 24. h6 Bxh6 25. Qh5 Rh7 26. Ne3 Bg7 27. Qf3 Ne7 28. Nhg4 Ne8 29.
Kg2 Bc8 30. Rh1 Rxh1 31. Rxh1 Ra7 32. Nh6+ Kf8 33. Qh5 Ng8 34. Nhf5 Ne7 35. Nh6
Ng8 36. Nxg8 Kxg8 37. Bd1 b4 38. Bg4 Bxg4 39. Nxg4 Qd7 40. Qh7+ Kf8 41. Ne3 a5
42. Rb1 a4 43. Rb2 axb3 44. axb3 Ra1 45. Nf5 Qa7 46. Nh6 Bxh6 47. Qxh6+ Kf7 48.
Bxg5 Rg1+ 49. Kxg1 1-0

[Event "Liga Madrileña - DH 2014-2015"]
[Site "Madrid ESP"]
[Date "2014.12.14"]
[Round "3.23"]
[White "Gonzalez Rivera, Eduardo"]
[Black "Perez Gonzalez, Jose Manuel"]
[Result "1/2-1/2"]
[WhiteElo "2092"]
[BlackElo "2349"]
[PlyCount "65"]
[EventDate "2014.11.23"]
[EventType "team-tourn"]
[EventRounds "14"]
[EventCountry "ESP"]
[Source "lmi"]
[SourceDate "2014.11.23"]
[WhiteTeam "Moratalaz"]
[BlackTeam "Liberty Chess"]
[WhiteTeamCountry "ESP"]
[BlackTeamCountry "ESP"]

1. e4 c5 2. Nf3 d6 3. d4 cxd4 4. Nxd4 Nf6 5. Nc3 e6 6. Bc4 a6 7. O-O b5 8. Bb3
Be7 9. a3 O-O 10. f4 Bb7 11. f5 e5 12. Nde2 Nbd7 13. Ng3 Nc5 14. Bd5 Bxd5 15.
exd5 a5 16. Bg5 Ncd7 17. Bxf6 Nxf6 18. Qd3 b4 19. Nce4 bxa3 20. bxa3 Rc8 21.
Nxf6+ Bxf6 22. Ne4 Qc7 23. Nxf6+ gxf6 24. Qg3+ Kh8 25. Qh4 Qe7 26. Rf3 Rg8 27.
Rh3 Rg7 28. Rb1 Qa7+ 29. Kh1 Rxc2 30. Qxf6 Qb6 31. Rhb3 Qxb3 32. Qd8+ Rg8 33.
Qf6+ 1/2-1/2

[Event "Liga Madrileña - DH 2014-2015"]
[Site "Madrid ESP"]
[Date "2014.12.14"]
[Round "3.24"]
[White "Sanchez Gonzalez, Sergio"]
[Black "Cortes Jurado, Rafael"]
[Result "1-0"]
[WhiteElo "2298"]
[BlackElo "2058"]
[PlyCount "59"]
[EventDate "2014.11.23"]
[EventType "team-tourn"]
[EventRounds "14"]
[EventCountry "ESP"]
[Source "lmi"]
[SourceDate "2014.11.23"]
[WhiteTeam "Liberty Chess"]
[BlackTeam "Moratalaz"]
[WhiteTeamCountry "ESP"]
[BlackTeamCountry "ESP"]

1. Nf3 Nf6 2. c4 g6 3. g3 Bg7 4. Bg2 O-O 5. O-O c6 6. d4 d5 7. Ne5 Be6 8. cxd5
Bxd5 9. Bh3 c5 10. dxc5 Ne4 11. Nd3 Na6 12. Be3 Qc7 13. f3 Nf6 14. Nd2 Nd7 15.
Rc1 Ne5 16. Bf4 f6 17. a3 g5 18. Bxe5 fxe5 19. Ne4 Bxe4 20. fxe4 Rxf1+ 21. Qxf1
Rf8 22. Be6+ Kh8 23. Qh3 Qd8 24. Rc4 Qa5 25. Qh5 Qd2 26. Bf5 h6 27. Qg6 Kg8 28.
Qh7+ Kf7 29. Kf2 Rh8 30. Qg6+ 1-0

[Event "Liga Madrileña - DH 2014-2015"]
[Site "Madrid ESP"]
[Date "2014.12.14"]
[Round "3.25"]
[White "Garcia Ruido, Ricardo"]
[Black "Gallardo Garcia, Andres"]
[Result "0-1"]
[WhiteElo "2053"]
[BlackElo "2329"]
[PlyCount "78"]
[EventDate "2014.11.23"]
[EventType "team-tourn"]
[EventRounds "14"]
[EventCountry "ESP"]
[Source "lmi"]
[SourceDate "2014.11.23"]
[WhiteTeam "Moratalaz"]
[BlackTeam "Liberty Chess"]
[WhiteTeamCountry "ESP"]
[BlackTeamCountry "ESP"]

1. d4 Nf6 2. c4 e6 3. g3 Bb4+ 4. Bd2 c5 5. Bxb4 cxb4 6. Bg2 a5 7. Nf3 O-O 8.
O-O d6 9. Ne1 Qc7 10. Nd2 e5 11. Nc2 Rd8 12. a3 bxa3 13. Nxa3 Nc6 14. Nb5 Qb6
15. Nb3 Bg4 16. h3 Bh5 17. d5 Nb4 18. Qd2 e4 19. g4 Bg6 20. N3d4 Qc5 21. Rfc1
b6 22. Kh2 Qc8 23. Ra3 Qd7 24. Qf4 Rac8 25. Rcc3 Rc5 26. Qg3 h5 27. f3 hxg4 28.
hxg4 Nfxd5 29. cxd5 Rxb5 30. Nxb5 Qxb5 31. fxe4 Qxe2 32. Re3 Qxb2 33. Rab3 Qd2
34. e5 Nxd5 35. Re1 dxe5 36. Rxe5 Nf4 37. Rxb6 Nxg2 38. Qxg2 Qf4+ 39. Qg3 Rd2+
0-1

[Event "Liga Madrileña - DH 2014-2015"]
[Site "Madrid ESP"]
[Date "2014.12.21"]
[Round "4.11"]
[White "Almagro Llamas, Pablo"]
[Black "Adan Bermudez, Sergio"]
[Result "1-0"]
[WhiteElo "2487"]
[BlackElo "2358"]
[PlyCount "47"]
[EventDate "2014.11.23"]
[EventType "team-tourn"]
[EventRounds "14"]
[EventCountry "ESP"]
[Source "lmi"]
[SourceDate "2014.11.23"]
[WhiteTeam "Virgen de Atocha"]
[BlackTeam "Pueblo Nuevo"]
[WhiteTeamCountry "ESP"]
[BlackTeamCountry "ESP"]

1. e4 d6 2. d4 Nf6 3. Nc3 e5 4. Nf3 Nbd7 5. Bc4 h6 6. a4 a5 7. O-O c6 8. Ba2
Qc7 9. Qe2 Be7 10. Rd1 Nf8 11. Nh4 g6 12. d5 Nxd5 13. exd5 Bxh4 14. f4 Nd7 15.
f5 Nf6 16. Qc4 Bg5 17. dxc6 bxc6 18. Rxd6 O-O 19. Rxc6 Qa7+ 20. Kh1 Kg7 21. Rc7
Bb7 22. Rxf7+ Kh8 23. Bxg5 hxg5 24. fxg6 1-0

[Event "Liga Madrileña - DH 2014-2015"]
[Site "Madrid ESP"]
[Date "2014.12.21"]
[Round "4.12"]
[White "Fernandez Lledo, Javier"]
[Black "Martinez Martin, David"]
[Result "0-1"]
[WhiteElo "2256"]
[BlackElo "2407"]
[PlyCount "106"]
[EventDate "2014.11.23"]
[EventType "team-tourn"]
[EventRounds "14"]
[EventCountry "ESP"]
[Source "lmi"]
[SourceDate "2014.11.23"]
[WhiteTeam "Pueblo Nuevo"]
[BlackTeam "Virgen de Atocha"]
[WhiteTeamCountry "ESP"]
[BlackTeamCountry "ESP"]

1. Nf3 Nf6 2. b4 b6 3. g3 Bb7 4. Bg2 e5 5. a3 a5 6. bxa5 Rxa5 7. c4 Nc6 8. Bb2
Qa8 9. O-O Bd6 10. d3 Nd4 11. e4 Nxf3+ 12. Bxf3 O-O 13. Qb3 Bc6 14. Bc3 Ra4 15.
Qb2 Re8 16. h3 b5 17. Bd1 bxc4 18. Bxa4 Qxa4 19. f3 cxd3 20. Nd2 Bc5+ 21. Kh2
d6 22. Qb3 Qa8 23. Qc4 Bb7 24. a4 Ba6 25. Qa2 Nh5 26. f4 exf4 27. g4 Nf6 28.
Rxf4 Be3 29. Rf5 Bxd2 30. Bxd2 Rxe4 31. Raf1 Bc4 32. Qb2 Nd7 33. a5 Ne5 34. a6
Re2+ 35. R1f2 Bxa6 36. Qa2 Rxf2+ 37. Rxf2 Qc6 38. Bf4 Bc4 39. Qb2 Qb6 40. Qd2
Qd4 41. Kg3 h5 42. gxh5 Be6 43. h6 gxh6 44. Bxh6 Ng6 45. Bg5 Qe5+ 46. Bf4 Qf5
47. Kg2 Qxh3+ 48. Kg1 Bd5 49. Bh2 Qg4+ 50. Kf1 Nh4 51. Rf4 Qh3+ 52. Kg1 Nf3+
53. Rxf3 Qxf3 0-1

[Event "Liga Madrileña - DH 2014-2015"]
[Site "Madrid ESP"]
[Date "2014.12.21"]
[Round "4.13"]
[White "Fernandez Barrera, Victor"]
[Black "Nieto de la Cruz, Julio"]
[Result "1-0"]
[WhiteElo "2261"]
[BlackElo "2178"]
[PlyCount "83"]
[EventDate "2014.11.23"]
[EventType "team-tourn"]
[EventRounds "14"]
[EventCountry "ESP"]
[Source "lmi"]
[SourceDate "2014.11.23"]
[WhiteTeam "Virgen de Atocha"]
[BlackTeam "Pueblo Nuevo"]
[WhiteTeamCountry "ESP"]
[BlackTeamCountry "ESP"]

1. e4 c5 2. Nc3 Nc6 3. Bb5 Nd4 4. Bc4 d6 5. Nf3 Nf6 6. h3 a6 7. a4 Qa5 8. Ra3
e6 9. O-O Be7 10. d3 O-O 11. Bd2 Qc7 12. a5 Nc6 13. Qa1 Bd8 14. Ne2 d5 15. exd5
exd5 16. Bb3 Bf5 17. Nf4 Qd6 18. Ne2 Rc8 19. Bf4 Qe7 20. Re1 Be6 21. Ng3 Nb4
22. Nf5 Bxf5 23. Rxe7 Bxe7 24. g4 Be6 25. Ba4 h5 26. g5 Nd7 27. Kh2 Rfd8 28.
Qd1 Bf5 29. Nh4 Bh7 30. Qxh5 c4 31. d4 Bxc2 32. Re3 Bf8 33. Bxc2 Nxc2 34. Rc3
Nxd4 35. g6 fxg6 36. Qxd5+ Kh7 37. Qxd4 Nf6 38. Qb6 Bc5 39. Qxb7 Bxf2 40. Nf3
Nd5 41. Ng5+ Kg8 42. Be5 1-0

[Event "Liga Madrileña - DH 2014-2015"]
[Site "Madrid ESP"]
[Date "2014.12.21"]
[Round "4.14"]
[White "Iturbide Arnedo, Oscar"]
[Black "Rabadan Velasco, Raul"]
[Result "1-0"]
[WhiteElo "2168"]
[BlackElo "2254"]
[PlyCount "73"]
[EventDate "2014.11.23"]
[EventType "team-tourn"]
[EventRounds "14"]
[EventCountry "ESP"]
[Source "lmi"]
[SourceDate "2014.11.23"]
[WhiteTeam "Pueblo Nuevo"]
[BlackTeam "Virgen de Atocha"]
[WhiteTeamCountry "ESP"]
[BlackTeamCountry "ESP"]

1. e4 d5 2. d4 dxe4 3. Nc3 Nf6 4. f3 e6 5. fxe4 Bb4 6. Bd3 c5 7. a3 Ba5 8. dxc5
Bxc3+ 9. bxc3 Qa5 10. Nf3 Qxc5 11. Rb1 Bd7 12. Qe2 Bc6 13. Be3 Qh5 14. O-O Nbd7
15. e5 Ng4 16. Bf4 Nh6 17. Nd4 Qxe2 18. Bxe2 Be4 19. Nb5 O-O 20. Nd6 Bxc2 21.
Rxb7 Nc5 22. Rc7 Ne4 23. Bf3 Nxd6 24. exd6 Rad8 25. Rxa7 Nf5 26. d7 f6 27. g4
Ne7 28. Bd6 Kf7 29. c4 Bb3 30. c5 Bd5 31. Bxd5 exd5 32. Re1 Nc6 33. Rc7 Nd4 34.
Bxf8 Nf3+ 35. Kf2 Nxe1 36. Kxe1 Rxf8 37. Rc8 1-0

[Event "Liga Madrileña - DH 2014-2015"]
[Site "Madrid ESP"]
[Date "2014.12.21"]
[Round "4.15"]
[White "Plazuelo Pascual, Juan"]
[Black "Navarro Nicolas, Victor Manuel"]
[Result "1/2-1/2"]
[WhiteElo "2122"]
[BlackElo "2156"]
[PlyCount "49"]
[EventDate "2014.11.23"]
[EventType "team-tourn"]
[EventRounds "14"]
[EventCountry "ESP"]
[Source "lmi"]
[SourceDate "2014.11.23"]
[WhiteTeam "Virgen de Atocha"]
[BlackTeam "Pueblo Nuevo"]
[WhiteTeamCountry "ESP"]
[BlackTeamCountry "ESP"]

1. d4 Nf6 2. c4 g6 3. f3 Bg7 4. e4 d6 5. Be3 O-O 6. Nc3 Nbd7 7. Qd2 c5 8. Rd1
Qa5 9. Nh3 cxd4 10. Bxd4 Ne5 11. Nf4 Nc6 12. Be3 Nd7 13. Nfe2 Nde5 14. Nd4 f5
15. exf5 Nxd4 16. Bxd4 Bxf5 17. f4 Nc6 18. Bxg7 Kxg7 19. Be2 Qc5 20. Nd5 a5 21.
Qe3 Qxe3 22. Nxe3 Be4 23. O-O Nb4 24. a3 Nc2 25. Nxc2 1/2-1/2

[Event "Liga Madrileña - DH 2014-2015"]
[Site "Madrid ESP"]
[Date "2014.12.21"]
[Round "4.16"]
[White "Barez Menendez, Hector"]
[Black "Perez de Aranda, Leonardo Ivan"]
[Result "1-0"]
[WhiteElo "2144"]
[BlackElo "2094"]
[PlyCount "85"]
[EventDate "2014.11.23"]
[EventType "team-tourn"]
[EventRounds "14"]
[EventCountry "ESP"]
[Source "lmi"]
[SourceDate "2014.11.23"]
[WhiteTeam "Pueblo Nuevo"]
[BlackTeam "Virgen de Atocha"]
[WhiteTeamCountry "ESP"]
[BlackTeamCountry "ESP"]

1. Nf3 d5 2. d4 Nf6 3. c4 dxc4 4. Qa4+ c6 5. Qxc4 Bf5 6. Nc3 e6 7. g3 Be7 8.
Bg2 Nbd7 9. O-O O-O 10. e3 Ne4 11. Rd1 Qa5 12. Bd2 Nxd2 13. Rxd2 Rac8 14. a3 b5
15. Qa2 Qb6 16. b4 a5 17. Qb2 Ra8 18. Rc1 axb4 19. axb4 Rfc8 20. Rdd1 Qd8 21.
e4 Bg6 22. d5 exd5 23. exd5 c5 24. bxc5 Nxc5 25. Nxb5 Nd3 26. Rxc8 Rxc8 27. Qe2
Qxd5 28. Nfd4 Qe5 29. Qxe5 Nxe5 30. f4 Nc4 31. Bh3 Rc5 32. Re1 Rxb5 33. Nxb5
Bc5+ 34. Kh1 Ne3 35. f5 Bh5 36. Bg2 f6 37. h3 Be8 38. Nc7 Bd7 39. Ne6 Nxg2 40.
Kxg2 Bc6+ 41. Kh2 Bb4 42. Rc1 Bd5 43. Rc8+ 1-0

[Event "Liga Madrileña - DH 2014-2015"]
[Site "Madrid ESP"]
[Date "2014.12.21"]
[Round "4.21"]
[White "Valles Moreno, Ivan"]
[Black "Bolado Saez, Sergio"]
[Result "1-0"]
[WhiteElo "2391"]
[BlackElo "2358"]
[PlyCount "139"]
[EventDate "2014.11.23"]
[EventType "team-tourn"]
[EventRounds "14"]
[EventCountry "ESP"]
[Source "lmi"]
[SourceDate "2014.11.23"]
[WhiteTeam "Liberty Chess"]
[BlackTeam "Blanco y Negro"]
[WhiteTeamCountry "ESP"]
[BlackTeamCountry "ESP"]

1. e4 c5 2. Nf3 d6 3. d4 cxd4 4. Nxd4 Nf6 5. Nc3 a6 6. Be3 e6 7. f3 Nbd7 8. Qd2
b5 9. O-O-O b4 10. Na4 Ne5 11. Nb3 Bd7 12. Nb6 Rb8 13. Nxd7 Qxd7 14. Bxa6 Qa4
15. Qe2 Be7 16. g4 Nxf3 17. Ba7 O-O 18. Bxb8 Rxb8 19. Qxf3 Qxa6 20. Rhf1 Rf8
21. Kb1 Nd7 22. Nd4 Ne5 23. Qb3 Nc4 24. Qxb4 Ra8 25. a3 Qc8 26. Rf3 Bf6 27. Rb3
Be5 28. Rc3 d5 29. exd5 exd5 30. Nf5 Kh8 31. Rb3 Rb8 32. Qe7 Bxb2 33. Rxd5 Bxa3
34. Qd7 Qf8 35. Rxb8 Qxb8+ 36. Qb5 Qxb5+ 37. Rxb5 h6 38. Ka2 Bc1 39. Rc5 Nd2
40. Rc7 Kg8 41. Ne7+ Kh7 42. Nf5 Kg6 43. h4 h5 44. Ne7+ Kh6 45. g5+ Kh7 46. Nd5
Nf3 47. Rc4 Bd2 48. Re4 Kg6 49. Ne7+ Kh7 50. c4 Bb4 51. Nd5 Bd6 52. Ne3 Kg6 53.
Ng2 Kf5 54. Re8 Bg3 55. c5 Nxh4 56. Nxh4+ Bxh4 57. c6 Bg3 58. Re7 Kg6 59. c7
Bxc7 60. Rxc7 h4 61. Kb1 Kxg5 62. Rxf7 g6 63. Kc2 Kg4 64. Kd2 g5 65. Ke2 Kg3
66. Kf1 g4 67. Kg1 Kh3 68. Ra7 Kg3 69. Ra4 Kf3 70. Kh2 1-0

[Event "Liga Madrileña - DH 2014-2015"]
[Site "Madrid ESP"]
[Date "2014.12.21"]
[Round "4.22"]
[White "Alarcia Astiz, Carlos"]
[Black "Martin Rueda, Daniel"]
[Result "1-0"]
[WhiteElo "2337"]
[BlackElo "2341"]
[PlyCount "135"]
[EventDate "2014.11.23"]
[EventType "team-tourn"]
[EventRounds "14"]
[EventCountry "ESP"]
[Source "lmi"]
[SourceDate "2014.11.23"]
[WhiteTeam "Blanco y Negro"]
[BlackTeam "Liberty Chess"]
[WhiteTeamCountry "ESP"]
[BlackTeamCountry "ESP"]

1. e4 c5 2. Nf3 d6 3. d4 cxd4 4. Nxd4 Nf6 5. Nc3 a6 6. f4 e5 7. Nf3 Qc7 8. Bd3
Be7 9. O-O O-O 10. Kh1 Nbd7 11. Qe1 b5 12. a3 Bb7 13. fxe5 dxe5 14. Nh4 g6 15.
Bg5 Rfe8 16. Qf2 Rf8 17. Qf3 Kg7 18. Qh3 Ng8 19. Be3 Qd8 20. Nf3 Qc7 21. Ng5
Bxg5 22. Bxg5 f6 23. Be3 Nc5 24. Rad1 Rad8 25. Rd2 Rd6 26. Rfd1 Rfd8 27. Qh4
R8d7 28. h3 Nxd3 29. Rxd3 Rxd3 30. Rxd3 Rxd3 31. cxd3 Qd7 32. Qg3 Kf7 33. Bf2
Ne7 34. Qe3 g5 35. Qb6 Ng6 36. d4 exd4 37. Bxd4 Qc6 38. Qd8 Nf4 39. Qh8 h5 40.
Qh7+ Kf8 41. Bxf6 Qxf6 42. Qxb7 Ng6 43. Qc8+ Kg7 44. Qd7+ Kh6 45. Qd2 Qe5 46.
Qf2 h4 47. Qf3 Nf4 48. Kg1 Qd4+ 49. Kh2 Qd6 50. Kh1 Qd2 51. Nd5 Qxb2 52. Ne3
Qe2 53. Nf5+ Kg6 54. Nxh4+ gxh4 55. Qxf4 Qe1+ 56. Kh2 Qg3+ 57. Qxg3+ hxg3+ 58.
Kxg3 a5 59. Kf3 b4 60. axb4 a4 61. b5 a3 62. b6 a2 63. b7 a1=Q 64. b8=Q Qc3+
65. Kg4 Qd3 66. Qe8+ Kg7 67. Qe5+ Kg8 68. Qd5+ 1-0

[Event "Liga Madrileña - DH 2014-2015"]
[Site "Madrid ESP"]
[Date "2014.12.21"]
[Round "4.23"]
[White "Perez Gonzalez, Jose Manuel"]
[Black "Renteria Becerra, Jorge Elicer"]
[Result "1/2-1/2"]
[WhiteElo "2349"]
[BlackElo "2253"]
[PlyCount "63"]
[EventDate "2014.11.23"]
[EventType "team-tourn"]
[EventRounds "14"]
[EventCountry "ESP"]
[Source "lmi"]
[SourceDate "2014.11.23"]
[WhiteTeam "Liberty Chess"]
[BlackTeam "Blanco y Negro"]
[WhiteTeamCountry "ESP"]
[BlackTeamCountry "ESP"]

1. e4 d6 2. d4 Nf6 3. f3 e5 4. dxe5 dxe5 5. Qxd8+ Kxd8 6. Bc4 Ke8 7. Be3 Nc6 8.
Nd2 a6 9. a4 Bd6 10. Ne2 Ke7 11. c3 Be6 12. Bxe6 fxe6 13. a5 Nd7 14. Nc4 Bc5
15. Bxc5+ Nxc5 16. Nc1 Rhb8 17. b4 Nd7 18. Nd3 b5 19. axb6 cxb6 20. Ke2 Rc8 21.
Rhc1 b5 22. Ne3 h5 23. Ra3 a5 24. bxa5 Rxa5 25. Rxa5 Nxa5 26. Nd1 Nc4 27. Ra1
Nc5 28. Nxc5 Rxc5 29. Ra7+ Kf6 30. Rb7 Na5 31. Rb6 Nc4 32. Rb7 1/2-1/2

[Event "Liga Madrileña - DH 2014-2015"]
[Site "Madrid ESP"]
[Date "2014.12.21"]
[Round "4.24"]
[White "Martinez Lozano, Miguel Angel"]
[Black "Sanchez Gonzalez, Sergio"]
[Result "0-1"]
[WhiteElo "2203"]
[BlackElo "2298"]
[PlyCount "110"]
[EventDate "2014.11.23"]
[EventType "team-tourn"]
[EventRounds "14"]
[EventCountry "ESP"]
[Source "lmi"]
[SourceDate "2014.11.23"]
[WhiteTeam "Blanco y Negro"]
[BlackTeam "Liberty Chess"]
[WhiteTeamCountry "ESP"]
[BlackTeamCountry "ESP"]

1. e4 c5 2. Nf3 d6 3. d4 cxd4 4. Nxd4 Nf6 5. Nc3 e6 6. Bg5 Be7 7. Qe2 a6 8. f4
h6 9. Bh4 Nxe4 10. Bxe7 Nxc3 11. Qc4 Kxe7 12. Qxc3 Re8 13. O-O-O Kf8 14. Nf3 d5
15. g4 Nc6 16. Kb1 Qf6 17. Qe3 e5 18. fxe5 Nxe5 19. Nxe5 Qxe5 20. Qa3+ Kg8 21.
h3 Bd7 22. Bg2 Bc6 23. Qd3 Rad8 24. b3 Qe3 25. Qxe3 Rxe3 26. Rd4 Rg3 27. Rh2
Rd7 28. Kb2 Kf8 29. Bf1 Re7 30. Rhd2 Re4 31. a4 Rg1 32. Be2 Rxd4 33. Rxd4 Ke7
34. Rd3 g6 35. Kc3 Rg2 36. Re3+ Kd6 37. Kd4 Rf2 38. Kd3 Rf4 39. c3 Bd7 40. Rg3
g5 41. Bf3 f5 42. Be2 Re4 43. gxf5 Bxf5 44. Kd2 Rf4 45. a5 Rf2 46. Ke1 Rh2 47.
Bf1 Ra2 48. b4 Ke5 49. Re3+ Be4 50. Rg3 Rh2 51. b5 axb5 52. Bxb5 Ra2 53. Be2
Rxa5 54. h4 gxh4 55. Rh3 Ra1+ 0-1

[Event "Liga Madrileña - DH 2014-2015"]
[Site "Madrid ESP"]
[Date "2014.12.21"]
[Round "4.25"]
[White "Gallardo Garcia, Andres"]
[Black "Fayos Mestre, Jose Maria"]
[Result "1-0"]
[WhiteElo "2329"]
[BlackElo "2018"]
[PlyCount "53"]
[EventDate "2014.11.23"]
[EventType "team-tourn"]
[EventRounds "14"]
[EventCountry "ESP"]
[Source "lmi"]
[SourceDate "2014.11.23"]
[WhiteTeam "Liberty Chess"]
[BlackTeam "Blanco y Negro"]
[WhiteTeamCountry "ESP"]
[BlackTeamCountry "ESP"]

1. g3 g6 2. Bg2 Bg7 3. Nf3 Nf6 4. O-O O-O 5. d4 d5 6. c4 dxc4 7. Ne5 c5 8. dxc5
Qc7 9. Nxc4 Qxc5 10. Nba3 Nc6 11. Be3 Qh5 12. f3 Be6 13. Bf2 Rac8 14. Rc1 Rfd8
15. Qe1 b5 16. Na5 Nd4 17. Rxc8 Bxc8 18. Kh1 Ne8 19. Qb4 Qe5 20. e4 Qd6 21. Qe1
Nc7 22. Qc1 f5 23. exf5 Nxf5 24. Nc6 Rf8 25. f4 b4 26. Nc4 Qf6 27. N4e5 1-0

[Event "Liga Madrileña - DH 2014-2015"]
[Site "Madrid ESP"]
[Date "2014.12.21"]
[Round "4.26"]
[White "Bento Iglesias, Pablo"]
[Black "Hinojar Diez, David"]
[Result "0-1"]
[WhiteElo "1809"]
[BlackElo "2164"]
[PlyCount "86"]
[EventDate "2014.11.23"]
[EventType "team-tourn"]
[EventRounds "14"]
[EventCountry "ESP"]
[Source "lmi"]
[SourceDate "2014.11.23"]
[WhiteTeam "Blanco y Negro"]
[BlackTeam "Liberty Chess"]
[WhiteTeamCountry "ESP"]
[BlackTeamCountry "ESP"]

1. e4 e5 2. Nf3 Nc6 3. Bb5 a6 4. Ba4 Nf6 5. d3 Bc5 6. O-O b5 7. Bb3 d6 8. a4
Bg4 9. Be3 Nd4 10. Bxd4 Bxd4 11. c3 Bb6 12. Nbd2 O-O 13. axb5 axb5 14. Qc2 Qe7
15. h3 Be6 16. Rxa8 Rxa8 17. Re1 Nh5 18. d4 Nf4 19. Nf1 Qf6 20. Bxe6 Nxe6 21.
Ne3 Nf4 22. Qd2 Nxh3+ 23. Kh1 Nf4 24. Nf5 g6 25. dxe5 dxe5 26. Nh6+ Kg7 27. Ng4
Qd6 28. Ngxe5 Qxd2 29. Nxd2 f6 30. Ng4 h5 31. Ne3 Nd3 32. Re2 Nxf2+ 33. Rxf2
Bxe3 34. Re2 Bf4 35. Kg1 Bg3 36. Nf1 Ra1 37. Re3 h4 38. b4 Rd1 39. Re2 Rc1 40.
Re3 Kf7 41. Rd3 Ke6 42. Re3 Ke5 43. Rf3 Re1 0-1

[Event "Liga Madrileña - DH 2014-2015"]
[Site "Madrid ESP"]
[Date "2014.12.21"]
[Round "4.31"]
[White "Solaesa Navalpotro, Luis Julio"]
[Black "Gallego Jimenez, Victoriano"]
[Result "0-1"]
[WhiteElo "2251"]
[BlackElo "2340"]
[PlyCount "62"]
[EventDate "2014.11.23"]
[EventType "team-tourn"]
[EventRounds "14"]
[EventCountry "ESP"]
[Source "lmi"]
[SourceDate "2014.11.23"]
[WhiteTeam "Moratalaz"]
[BlackTeam "La Casa del Ajedrez"]
[WhiteTeamCountry "ESP"]
[BlackTeamCountry "ESP"]

1. Nf3 Nc6 2. d4 d5 3. c4 Bg4 4. cxd5 Bxf3 5. gxf3 Qxd5 6. e3 e5 7. Nc3 Bb4 8.
Bd2 Bxc3 9. bxc3 Qd6 10. Rb1 b6 11. Bg2 Nge7 12. f4 exf4 13. e4 Rd8 14. Qe2 O-O
15. e5 Qa3 16. O-O Qxa2 17. Ra1 Qe6 18. Bxf4 f6 19. Bg3 fxe5 20. f4 Qb3 21.
dxe5 Qxc3 22. Rac1 Qd4+ 23. Kh1 Nb4 24. Rxc7 Ned5 25. Rxa7 Ne3 26. Rc1 Rc8 27.
Re1 Nd3 28. Qa2+ Kh8 29. Rf7 Nxe1 30. Bxe1 Rxf7 31. Qxf7 Qd1 0-1